NUTRITION ACROSS THE LIFE SPAN (Record no. 15868)

MARC details
000 -LEADER
fixed length control field 00318nam a22001457a 4500
003 - CONTROL NUMBER IDENTIFIER
control field SGT
020 ## - INTERNATIONAL STANDARD BOOK NUMBER
International Standard Book Number 978-93-84007-62-1
082 ## - DEWEY DECIMAL CLASSIFICATION NUMBER
Classification number 612.3
Item number N15M
100 ## - MAIN ENTRY--PERSONAL NAME
Personal name MITCHELL, MARY KAY
245 ## - TITLE STATEMENT
Title NUTRITION ACROSS THE LIFE SPAN
250 ## - EDITION STATEMENT
Edition statement 2ND
260 ## - PUBLICATION, DISTRIBUTION, ETC. (IMPRINT)
Place of publication, distribution, etc INDIA
Name of publisher, distributor, etc MEDTECH
Year of Publication 2015
300 ## - PAGE DESCRIPTION
No. of Pages 608
942 ## - ADDED ENTRY ELEMENTS (KOHA)
Source of classification or shelving scheme Dewey Decimal Classification
Koha item type Books
Holdings
Withdrawn status Lost status Source of classification or shelving scheme Damaged status Not for loan Collection code Home library Current library Shelving location Date acquired Vendor Name Cost, normal purchase price SGTU Bill Number Total Checkouts Full call number Accession No. (Barcode) Date last seen Bill Date Koha item type
    Dewey Decimal Classification   Not For Loan MEDICAL SGT Medical Library SGT Medical Library Reference Book 30/08/2018 ABC 995.00 SGTU 9842   612.3 N15M FM10902 30/08/2018 30/08/2018 Books